| 000 | | | 05442cbc2a2200265#x 450 |
| 001 | | | bf80b257-76d8-4909-a4db-238312f27072 |
| 005 | | | 20180814102106.0 |
| 100 | ## | $a | 20130605l18771877k y0rusy50 ca |
| 101 | 0# | $a | rus |
| 102 | ## | $a | RU |
| 105 | ## | $a | y z |||a| |
| 122 | 2# | $a | d18770412 |
| | $a | d18771222 |
| 200 | 1# | $a | Стихотворения Колосовского П. "Заседание Красного Креста", "Анатолию Федоровичу Кони" и "Когда ессентукские пили мы воды…" |
| | $j | 12 октября - 22 декабря 1877 |
| 215 | ## | $a | 5 листов |
| 251 | ## | $c | Дело |
| 300 | ## | $a | Автограф |
| 300 | ## | $a | Рукописный текст |
| 330 | ## | $a | Материалы, преподнесенные и посвященные А. Ф. Кони; Стихотворения и другие рукописные литературные произведения |
| 461 | #0 | $1 | 0013a54f2e3-e9cf-409b-80fa-f0a9bd3c40cb |
| | $1 | 2001 |
| | $a | Кони Анатолий Федорович, юрист, литератор, член академии наук, председатель Санкт-Петербургского окружного суда, член государственного совета |
| | $1 | 251 |
| | $c | Фонд |
| | $1 | 852 |
| | $j | 564 |
| 462 | #0 | $1 | 00178a475cd-a47d-4377-bff3-cee4b81de655 |
| | $1 | 2001 |
| | $a | Опись дел фонда А. Ф. Кони за 1880-1931 гг. |
| | $v | Д. 4007 |
| | $1 | 251 |
| | $c | Опись |
| | $1 | 852 |
| | $j | 1 |
| 801 | #0 | $a | RU |
| | $b | GA_RF |
| 801 | #1 | $a | RU |
| | $b | НПО Опыт |
| | $c | 20130605 |
| | $2 | rusmarc |
| 801 | #2 | $a | RU |
| | $b | ПБ им. Б.Н. Ельцина |
| | $c | 20131029 |
| | $g | RCR |
| | $2 | rusmarc |
| 852 | ## | $a | ГА РФ |
| | $j | 4007 |
| 937 | ## | $d | 39759783 |
| | $h | ПБ |
| 035 | ## | $a | RuPRLIB51006569 |
| 600 | #1 | $2 | nlr_sh1 |
| | $3 | RU\NLR\AUTH\66567267 |
| | $a | Кони |
| | $g | Анатолий Федорович |
| | $b | А.Ф. |
| | $f | 1844 - 1927 |
| | $j | Документы и материалы |
| 601 | 02 | $2 | prlib_sh |
| | $3 | LIBNET\UAF\0000044140 |
| | $a | Российское общество Красного Креста |
| | $x | Деятельность |
| | $j | Документы и материалы |
| 686 | ## | $2 | rubbk |
| | $a | 63.3(2)521 |
| | $v | LBC/M |
| 686 | ## | $a | 63.3(2)522 |
| | $v | LBC/M |
| | $2 | rubbk |
| 686 | ## | $a | 63.3(2)53 |
| | $v | LBC/M |
| | $2 | rubbk |
| 686 | ## | $a | 63.3(2)61 |
| | $v | LBC/M |
| | $2 | rubbk |
| 605 | ## | $2 | acquisition_Prlib |
| | $3 | LIBNET\UAF\0000074784 |
| | $a | Год добровольца (волонтера) в России |
| | $l | коллекция |
| 605 | ## | $2 | acquisition_Prlib |
| | $3 | DITM\AF\0000003834 |
| | $a | Народ |
| | $l | коллекция |
| 605 | ## | $2 | acquisition_Prlib |
| | $3 | DITM\AF\0000002775 |
| | $a | Власть |
| | $l | коллекция |